000 01111cam a2200265 4500
008 000000n2000 000 0 eng u
035 _a(Sirsi) u107301
245 _aAdvice for all seasons
260 _c2000
490 _aMunicipal Journal
_v21-27 July 2000, 24(2)
520 _aIn the light of the government's aim to reduce carbon dioxide emissions by 20% by 2002, discusses how energy efficiency schemes can help councils improve the quality of life of residents. Considers examples of energy efficiency schemes in Nottinghamshire and Derbyshire made possible by HECAction grants.
590 _aWB
650 _aENERGY CONSERVATION
650 _aCLIMATE CHANGE
650 _aENVIRONMENTAL PROTECTION
650 _aLOCAL AUTHORITIES
650 _aENERGY EFFICIENCY AND LOCAL WELL-BEING; A CORPORATE PRIORITY FOR LOCAL AUTHORITIES
650 _aHOME ENERGY CONSERVATION ACT 1995
650 _aENERGY SAVING TRUST
650 _aHECA
650 _aNOTTINGHAMSHIRE
650 _aDERBYSHIRE
690 _aENVIRONMENTAL AND LAND CONSULTANCY-ENERGY-ENERGY USE-ENERGY EFFICIENCY
942 _n0
999 _c64152
_d64152